Energetická náročnosť výroby potravín

Enregistré dans:
Détails bibliographiques
Auteur principal: Podolák, Alojz
Format: Livre
Langue:slovaque
Publié: Bratislava Príroda 1987
Édition:1. vyd.
Collection:Ekonomika poľnohospodárstva
Tags: Ajouter un tag
Pas de tags, Soyez le premier à ajouter un tag!

MARC

LEADER 00000nam a2200000 4500
001 c033102
005 20221219094503.8
041 0 |a slo 
044 |a SK 
245 1 0 |a Energetická náročnosť výroby potravín  |c Alojz Podolák 
250 |a 1. vyd. 
264 1 |a Bratislava  |b Príroda  |c 1987 
300 |a 140 s. 
490 1 |a Ekonomika poľnohospodárstva 
830 0 |a Ekonomika poľnohospodárstva 
100 1 |a Podolák, Alojz